The Office Trivia #C - Statistics

General Stats
  • This quiz has been taken 69 times
  • The average score is 11 of 15
Answer Stats
Hint Answer % Correct
Quality assurance manager Creed Bratton
96%
Jan sells these after being fired Candles
95%
University where Andy graduated from Cornell
95%
Michael Scotts actor (surname) Steve Carell
91%
Where do the Dundies take place? Chilis
84%
Michael dates this realtor of his Carol
82%
Name of Jim and Pams daughter Cece
82%
With the surplus, Oscar wants to buy a new Copier
74%
What does she dress as for Diwali Cheerleader
72%
Fake name of Dwights fake dentist Crentist
65%
His resolution on the resolution board Cartwheel
61%
Topic where Michaels knowledge is arguably bigger then Oscars China
56%
Character of Idris Elba Charles Miner
51%
New Costumer Service Rep of Season 9 Clark
49%
Michaels Character in Savannah Caleb Crawdad
23%
No matching quizzes found
Score Distribution
Percent of People with Each Score
Percentile by Number Answered
Your Score History
You have not taken this quiz